MDQL
is popping MORE tags! Check the
thread
!
Quizzes
Events
Quiz Creation
Community
Videos
Private Events
Remove Ads
Sign In
Join for FREE
Feedback
Dark Mode
Quiz Categories
Sports
Geography
Music
Movies
Television
Just For Fun
Miscellaneous
History
Literature
Language
Science
Gaming
Entertainment
Religion
Holiday
For Kids
Quiz Lab
Recent
Popular Today
Quiz Kudos Today
Editor Picks
Curator Picks
Quizzes by...
Day
Popularity
Type
Ratings
Length
Year
Community
Subscriptions
Recent Discussions
Orange Saloon
Badges
Playlists
Quests
Create
Leaderboards
Showdown
Live 5
Trivia Bingo
Activity
Puzzle Library
Sporcle Events
Private Events
Virtual Trivia
Globe League
Become a Host
Pub Owners
SporcleCon
Opinionation
Our Games
Videos
Blog
Mobile Apps
Partnerships
Remove Ads and Go Orange
Feedback
Sports
Athletes
MLB
NBA
NHL
NFL
Soccer
Sports Teams
WWE
NCAA
Football
Premier League
Basketball
Baseball
Hockey
Golf
Tennis
Cricket
Rugby
Auto Racing
Olympics
World Cup
Sports
Athletes
MLB
NBA
NHL
NFL
Soccer
Sports Teams
WWE
NCAA
Football
Premier League
Basketball
Baseball
Hockey
Golf
Tennis
Cricket
Rugby
Auto Racing
Olympics
World Cup
Random Quiz
Search Sporcle
×
Quiz Lab
Quiz Lab
Sports
NFL
Type in answers that appear in a list
Type in answers that appear in a list
Classic
Best Score? Go Orange.
NFL MVP Winners Stats
Can you name the NFL MVP Winners?
By
nicknicknick
7m
49 Questions
389 Plays
389 Plays
389 Plays
Comments
Comments
Give Quiz Kudos
Give Quiz Kudos
-
- Ratings
hide this ad
Replay
Link that replays current quiz
Next Quiz
Link to next quiz in quiz playlist
You Got
0%
They Got
Avg Score
77%
Avg Friend Score
Upgrade to see
Score Distribution
Jump to the score distribution portion of the page
Score
0/49
Timer
07:00
0
Plays Today
Year
Player
% Correct
2004
Peyton Manning
97.4%
2008
Peyton Manning
97.4%
1995
Brett Favre
95.4%
1996
Brett Favre
95.4%
2007
Tom Brady
94.8%
2006
LaDainian Tomlinson
94.6%
1999
Kurt Warner
93.8%
2001
Kurt Warner
93.8%
1989
Joe Montana
91.5%
1990
Joe Montana
91.5%
1988
John Elway
91.2%
1992
Steve Young
91%
1994
Steve Young
91%
2005
Shaun Alexander
89.9%
1978
Terry Bradshaw
89.4%
1962
Jim Taylor
89.2%
1967
John Unitas
88.9%
2000
Marshall Faulk
88.9%
1965
Jim Brown
88.7%
1975
Fran Tarkenton
87.6%
1985
Marcus Allen
87.6%
1991
Thurman Thomas
87.1%
1993
Emmitt Smith
87.1%
1988
Boomer Esiason
86.3%
1973
O.J. Simpson
86.1%
Year
Player
% Correct
1997
Brett Favre|Barry Sanders
83.8%
1998
Terrell Davis
83.8%
2002
Rich Gannon
82.7%
2003
Peyton Manning|Steve McNair
80.2%
1984
Dan Marino
79.4%
1963
Y.A. Tittle
79.1%
1961
Paul Hornung
76.8%
1971
Alan Page
75.8%
1970
John Brodie
75%
1968
Earl Morrall
74.5%
1982
Mark Moseley
74.2%
1964
John Unitas
73.7%
1986
Lawrence Taylor
71.9%
1966
Bart Starr
71.4%
1960
Norm Van Brocklin|Joe Shmidt
68.6%
1977
Walter Payton
63.7%
1972
Larry Brown
55.4%
1979
Earl Campbell
50%
1983
Joe Theismann
43.3%
1974
Ken Stabler
41%
1981
Ken Anderson
35.8%
1976
Bert Jones
25%
1980
Brian Sipe
16.8%
1969
Roman Gabriel
13.4%
Quiz Playlist
Details
Report
Send in Message
Add To Playlist
Classic:
Type in answers that appear in a list
Last Updated: Feb 16, 2017
Quiz Scoreboard
CHALLENGE
Sign Up to Join the Scoreboard
Show All
Scores
Hide
Comments
May contain spoilers
Recently Published
Find the 'City' Movie
by crazypaving
Movies
60s
5x2 Blitz: Bands
by SL_Kpop136
Music
30s
Colored Red Africa Blitz
by spor1
Geography
30s
More to Explore
Quiz From the Vault
Featured Blog Post
14 Easter Pick-up Lines to Find Eggs With
hide this ad
You Might Also Like...
Tags
NFL Quiz
MVP
MVP Winners
Player
team
Winner
Today's Top Quizzes in Sports
Browse Sports
hide this ad
Today's Top Quizzes in NFL
Browse NFL
Top Contributed Quizzes in Sports
1
Players with Multiple 50 Home Run Seasons
2
Les entraîneurs de l'OM et du PSG au 21e siècle
3
Criteria MLB: Left Handed Sluggers
4
2022 World Cup Stars
5
Les meilleurs buteurs des matchs entre le PSG et l’OM
6
Who Hit More Homers?
7
Les joueurs passés par le PSG et l'OM
8
NBA Logic Puzzle 2.0
9
Top 10 NHL Goal Scorers of All Time
10
MLB Players with Two .350 Batting Average Seasons
Explore More
Trending Topics
Marvel
Crossword
NBA
Kpop
Anime
Disney
Harry Potter
Pokémon
Country
Song
NFL
WWE
Soccer
Puzzle
The Office
hide this ad
More By:
nicknicknick
Quiz
Plays
Rating
Category
Featured
Created
NFL MVP Winners
389
1.00
Sports
Oct 15, 2009
Go to Creator's Profile
Score Distribution
Quiz Creator Spotlight
nicknicknick
Follow
Send a Message
Quizzes Created
-
Created Quiz Play Count
-
More By This Creator
Popular Quizzes Today
1
Colored Red Africa Blitz
2
Find the 'City' Movie
3
Find the US States - No Outlines Minefield
4
5x2 Blitz: Bands
5
The Countries of the World
6
Find the US States
7
US States
8
9x9 Crossword: Cartoon Network
More Sports Quizzes
Sports Criteria - Serie A Strikers II
Quiz Lab
Trending Quizzes
Colored Red Europe Blitz I
Colored Red Europe Blitz II
Colored Red Africa Blitz II
Colored Red Europe Blitz III
Colored Red Africa Blitz III
Recently Updated
How Do You Spell That?
pecheneg
Godzilla Movies
pecheneg
Grab Bag: 4-10 Letters
pecheneg
2024 March Madness Bracket
pecheneg
Famous TV Couples
Peacemaker
Champions League XIs: Real Madrid
pecheneg
Largest US Cities 1790-2010
pecheneg
Rides in Walt Disney World
pecheneg
Most Oscar Losses (Acting)
pecheneg
Beyoncé Albums
pecheneg
Trending Topics
Kpop
Disney
Marvel
Crossword
Anime
Harry Potter
NBA
WWE
Country
Soccer
The Office
Puzzle
Pokémon
NFL
Song
Your Account Isn't Verified!
In order to create a playlist on Sporcle, you need to verify the email address you used during registration. Go to your
Sporcle Settings
to finish the process.
Report this User
Report this user for behavior that violates our
Community Guidelines
.
Details:
Send Report
Go to the Sporcle.com Mobile Site →
Comments